167 - Né(es) un 16 juin. - Statistiques

Statistiques générales
  • Ce quiz a été pris 17 fois
  • Le résultat moyen est 7 sur 15
Statistiques - réponses
Hint Année de naissance Réponse % Correct
Chanteur, fils de Françoise Hardy. 1973 Thomas Dutronc
93%
Créateur et interprète principal de la saga "Kaamelott" (2005-2009). 1974 Alexandre Astier
86%
Meneuse de revue, chanteuse, elle vendît plus d'un million de disques de "La bonne du curé" (1974). 1928 Annie Cordy|Léonie Cooreman
79%
Chef de guerre apache, il est le le dernier à continuer à se battre contre le Mexique et les États-Unis pour les droits des Amérindiens, avant sa reddition en 1886. 1829 Geronimo|Go Khla Yeh|Goyathlay|Guu Ji Ya
79%
Auteur français, journaliste au Figaro, il fut élu au fauteuil 12 de l'Académie française. 1925 Jean d'Ormesson|Jean Lefèvre d'Ormesson
50%
Acteur qui se fit connaître en incarnant le personnage de Serge le Mytho. 1980 Jonathan Cohen
50%
Rappeur américain dont le premier album est "2Pacalypse Now" (1991). 1971 Tupac Shakur|Tupac Amaru Shakur|2Pac|Makaveli|Makaveli The Don Killuminati|MC New York
43%
Auteur-compositeur-interprète de notamment "Les Risques du métier" et "Reprise des négociations". 1969 Bénabar|Bruno Nicolini
29%
Danseur et chorégraphe qui s'est fait connaître du grand public grâce à "Danse avec les stars", sur TF1. 1978 Chris Marques|Jean-Christophe Marques
29%
Journaliste franco-américain, spécialiste du basket américain. 1956 George Eddy
29%
Il coanime Les Grandes Gueules avec Alain Marshall. 1968 Olivier Truchot
29%
Auteur de "Décaméron", il est considéré comme un des créateurs de la littérature italienne, aux côtés de Dante. 1313 Boccace|Jean Boccace
21%
Acteur germano-espagnol vu dans "Inglourious Basterds" qui se fit connaître avec "Good Bye, Lenin!". 1978 Daniel Brühl
21%
Premier ministre de Grèce de 2009 à 2011, il est député depuis 2019. 1952 Giórgos Papandréou|Georges Papandréou
14%
Joueur de rugby, international français, passé par Natal Sharks, US Dax, Stade français Paris, Biarritz olympique. 1966 Olivier Roumat|La Roume
7%
Aucun quiz correspondant
Distribution des résultats
% des personnes avec chaque résultat
Percentile par nombre de réponses
Votre historique - résultats
Vous n’avez pas pris ce quiz